Beck's Theory and Principles of Pleading in Civil Actions / (Record no. 140)

MARC details
000 -LEADER
fixed length control field 00545nam a22001817a 4500
005 - DATE AND TIME OF INPUT
control field 20231030113238.0
008 - DATA ELEMENTS--GENERAL INFORMATION
fixed length control field 231030b |||||||| |||| 00| 0 eng d
020 ## - INTERNATIONAL STANDARD BOOK NUMBER
International Standard Book Number 0409012351
041 ## - LANGUAGE CODE
Language code of text English
082 ## - SHELF NUMBER
DDC number 347.7 BEC
100 ## - MAIN AUTHOR
Main author's name Isaacs, I
Language of a work English
245 ## - TITLE STATEMENT
Title Beck's Theory and Principles of Pleading in Civil Actions /
Statement of responsibility, etc. I Isaacs
250 ## - EDITION STATEMENT
Edition statement Fifth Edition
260 ## - PUBLICATION, DISTRIBUTION, ETC.
Place of publication, distribution, etc. Durban :
Name of publisher, distributor, etc. Butterworths,
Date of publication, distribution, etc. 1982
300 ## - PHYSICAL DESCRIPTION
Other physical details lxxiii, 358 pages ;
Dimensions 25,5 cm.
650 ## - SUBJECT`
Broad subject legal practice
Own subject terms Law
942 ## - ADDED ENTRY ELEMENTS (KOHA)
Item type Books
942 ## - ADDED ENTRY ELEMENTS (KOHA)
-- ALISON_BN_VRIES
Holdings
Source of classification or shelving scheme Not for loan Collection code Home library Current library Shelving location Date acquired Full call number Barcode Price effective from Koha item type
Dewey Decimal Classification   TEXT BOOKS LAW SOCIETY OF NAMIBIA LIBRARY - WINDHOEK LAW SOCIETY OF NAMIBIA LIBRARY - WINDHOEK Evidence law 10/30/2023 347.7 BEC LSN/1986/61 10/30/2023 Books